000 01187cam a22002891a 4500
001 hew65000009
003 DLC
005 20260227111513.0
008 730418s1964 dcua b f000 0 eng c
010 _ahew65000009
035 _a(OCoLC)606386
040 _aU.S. Dept. of Health. Education, and Welfare. Library
_cOYU
_dOCoLC
_dMoSU-L
_dDLC
042 _apremarc
043 _an-us---
050 0 0 _aL111
_b.A6 1964, no. 13
051 _aLC383
_b.M44
100 1 _aMessersmith, James C.
245 1 0 _aChurch-related boards responsible for higher education /
_cJames C. Messersmith.
260 _aWashington, D.C. :
_bU.S. Dept. of Health, Education, and Welfare. Office of Education :
_bFor sale by the Supt. of Docs., U.S. G.P.O.,
_c1964.
300 _aviii, 230 p. :
_bill. ;
_c24 cm.
490 1 _aBulletin ;
_v1964, no. 13
500 _a"OE 53021."
500 _aCopies 1 and 2 of L111.A6 bound with: Bulletin / United States. Office of Education, 1964, no. 14-1964, no. 20, subsequent to publication.
504 _aIncludes bibliographical references.
650 0 _aChurch and college
_zUnited States.
650 0 _aUniversities and colleges
_zUnited States
_xAdministration.
999 _c34517
_d34517